=LDR 00000nam 2200000 4500 =001 INLIS000000000024853 =005 20230614084429 =035 ##$$a 0010-061300000024853 =008 230614################g##########0#ind## =041 ##$$a Ind =082 ##$$a 2X9.11 =090 ##$$a 6a2X9.11, Sub t =100 ##$$a Subhani, Syaikh Ja'far =245 1#$$a Tentang Dibenarkannya Syafaat Dalam Islam : $b Menurut Al-Quran dan S\unnah /$c Syaikh Ja'far Subhani Penerjemah, Ahsin Muhammad =260 ##$$a Jakarta :$b Pustaka Hidayah,$c 1992. =300 ##$$a 209 hlm, ; $c 21 x 14 cm =650 #4$$a Islami =850 ##$$a NBPNMAT =084 ##$$a 2X9.11 SUB t =250 ##$$a cet.1 =700 #$$a Ahsin Muhammad =990 ##$$a 49. 714/Pb- 92 =990 ##$$a 1200000887 =990 ##$$a 1200000888 =990 ##$$a 00051253 =990 ##$$a 49.713/Pb.92 =990 ##$$a 49. 714/Pb- 92 =990 ##$$a 1200000887 =990 ##$$a 1200000888